Rozbehnutý proces privatizácie sa môže zavęšiť, iba ak štát upustí od zaplatenia ceny

Dekapitalizácia majetku - zmenšovanie zhodnocovacieho potenciálu kapitálu. Séria devalvácií čs. koruny - začiatok procesu dekapitalizácie. Nerovnováha vyvolaná prvými transformačnými krokmi. Nerovnováha medzi výrobou a spotrebou. Privatizácia - vyostrenie momentálnej potreby zdrojov. Bariéry privati...

ver descrição completa

Na minha lista:
Detalhes bibliográficos
Autor principal: Němec, J.
Formato: Capítulo de Livro
Idioma:eslovaco
Assuntos:
Tags: Adicionar Tag
Sem tags, seja o primeiro a adicionar uma tag!

MARC

LEADER 00000naa a2200000 4500
001 r017652
005 20221213101048.4
041 0 |a slo 
044 |a SK 
245 1 0 |a Rozbehnutý proces privatizácie sa môže zavęšiť, iba ak štát upustí od zaplatenia ceny  |c J. Němec 
520 |a Dekapitalizácia majetku - zmenšovanie zhodnocovacieho potenciálu kapitálu. Séria devalvácií čs. koruny - začiatok procesu dekapitalizácie. Nerovnováha vyvolaná prvými transformačnými krokmi. Nerovnováha medzi výrobou a spotrebou. Privatizácia - vyostrenie momentálnej potreby zdrojov. Bariéry privatizačného procesu. "Predaj zadarmo". 
610 2 0 |a privatizácia 
610 2 0 |a podnik štátny 
610 2 0 |a štát 
610 2 0 |a kapitál 
610 2 0 |a výroba 
610 2 0 |a spotreba 
610 2 0 |a zdroje finančné 
610 2 0 |a Slovensko 
100 1 |a Němec, J.